Statistics for Countries Closest to Zambia A-Z

Click here to take the quiz!

General Stats

  • This quiz has been taken 146 times
  • The average score is 22 of 25

Answer Stats

letter country % Correct
ZZimbabwe
100%
YYemen
97%
DDemocratic Republic
of the Congo
97%
RRwanda
97%
QQatar
97%
UUganda
96%
KKenya
96%
BBotswana
94%
SSouth Africa
94%
OOman
93%
MMozambique
92%
AAngola
92%
TTanzania
91%
LLesotho
91%
NNamibia
89%
MMalawi
88%
GGabon
87%
EEswatini
87%
JJordan
82%
FFrance
81%
VVatican City
81%
CComoros
80%
HHungary
76%
IIsrael
69%
PPakistan
62%

Score Distribution

Percentile by Number Answered

Percent of People with Each Score

Your Score History

You have not taken this quiz